[Event "Fast Game"]
[Site "www.echecsemail.com"]
[Date "2017.04.28"]
[Round "1"]
[White "Attatroll"]
[Black "Quaff"]
[WhiteElo "1780"]
[BlackElo "1599"]
[Result "0-1"]
[Round "1"]
1.e4 e5
2.Ng1f3 d6
3.d4 exd4
4.Qd1xd4 h6
5.Bf1c4 Bc8e6
6.O-O Ng8f6
7.Nb1c3 a6
8.Bc4xe6 fxe6
9.e5 Nb8c6
10.Qd4a4 Nf6h7
11.exd6 cxd6
12.Bc1f4 Bf8e7
13.Nf3d4 Qd8d7
14.Rf1e1 Nc6xd4
15.Qa4xd7 Kxd7
16.Ra1c1 g5
17.Bf4e3 Nd4f5
18.Be3b6 Nh7f6
19.Rc1d1 Ra8c8
20.Re1e2 Rc8c6
21.Nc3a4 Rh8c8
22.b4 Nf6d5
23.Bb6e3 Nf5xe3
24.fxe3 Nd5xb4
25.a3 Nb4d5
26.c4 Rc6xc4
27.e4 Rc4xa4
28.exd5 e5
29.Rd1d3 Ra4f4
30.g3 Rf4f5
31.Re2b2 b5
32.a4 Rc8c5
33.axb5 axb5
34.Rb2a2 e4
35.Ra2a7 Rc5c7
36.Ra7a4 bxa4
{ resign }
0-1

[Event "Tourn. n9316"]
[Site "www.chess-mail.com"]
[Date "2017.04.29"]
[Round "1"]
[White "Coolant"]
[Black "Sorento"]
[WhiteElo "2260"]
[BlackElo "2060"]
[Result "0-1"]
[Round "1"]
1.Nb1c3 d5
2.d4 Ng8f6
3.Bc1g5 g6
4.Bg5xf6 exf6
5.e4 dxe4
6.Nc3xe4 Nb8c6
7.Bf1b5 Bc8d7
8.Qd1e2 Bf8b4
9.c3 O-O
10.O-O-O Rf8e8
11.cxb4 f5
12.f3 fxe4
13.fxe4 Qd8g5
14.Kb1 Re8xe4
15.Qe2xe4 Bd7f5
16.Bb5xc6 bxc6
17.Qe4xf5 Qg5xf5
18.Ka1 a5
19.bxa5 Qf5xa5
20.Ng1f3 Qa5xa2
{ resign }
0-1

[Event "Tourn. n9322"]
[Site "www.chess-mail.com"]
[Date "2017.04.29"]
[Round "1"]
[White "Sorento"]
[Black "Faerieking"]
[WhiteElo "2100"]
[BlackElo "2220"]
[Result "1-0"]
[Round "1"]
1.e4 e5
2.f4 d5
3.exd5 c6
4.dxc6 Nb8xc6
5.Nb1c3 Bf8c5
6.Ng1f3 Bc8g4
7.fxe5 Ng8e7
8.Nc3e4 Bg4xf3
9.Qd1xf3 Nc6xe5
10.Qf3g3 Qd8d4
11.Ne4xc5 Qd4xc5
12.c3 Ne5c6
13.d4 Qc5d5
14.Bf1d3 O-O-O
15.O-O Nc6xd4
16.cxd4 Qd5xd4
17.Bc1e3 Qd4xd3
18.Rf1xf7 { resign }
1-0

[Event "Tourn. n9263"]
[Site "www.chess-mail.com"]
[Date "2017.04.29"]
[Round "1"]
[White "Leochessnut"]
[Black "Julian"]
[WhiteElo "1980"]
[BlackElo "2020"]
[Result "1-0"]
[Round "1"]
1.c4 Ng8f6
2.b3 c5
3.Bc1b2 e6
4.Ng1f3 d6
5.g3 Nb8c6
6.Bf1g2 Bf8e7
7.O-O O-O
8.Nb1c3 a6
9.d4 cxd4
10.Nf3xd4 Nc6xd4
11.Qd1xd4 Ra8b8
12.Nc3e4 e5
13.Qd4d3 Bc8e6
14.Ne4xf6 Be7xf6
15.Bb2a3 Bf6e7
16.Rf1d1 Qd8c7
17.Ba3xd6 Be7xd6
18.Qd3xd6 Rf8c8
19.Rd1d3 Qc7xd6
20.Rd3xd6 b5
21.cxb5 axb5
22.Ra1d1 g6
23.Bg2e4 Kg7
24.e3 Rc8c7
25.Kg2 Rc7a7
{ time. }
1-0

[Event "Tourn. n9322"]
[Site "www.chess-mail.com"]
[Date "2017.04.29"]
[Round "1"]
[White "Faerieking"]
[Black "Malbertan"]
[WhiteElo "2220"]
[BlackElo "2130"]
[Result "1-0"]
[Round "1"]
1.e4 e5
2.Ng1f3 Nb8c6
3.Bf1c4 Ng8f6
4.Nf3g5 d5
5.exd5 Nc6a5
6.Bc4b5 c6
7.dxc6 bxc6
8.Qd1f3 Bc8b7
9.Bb5d3 c5
10.Bd3b5 Ke7
11.Qf3e2 Qd8c7
12.Nb1c3 h6
13.Ng5e4 Nf6xe4
14.Nc3xe4 f5
15.Ne4c3 Kf6
16.O-O Bf8d6
17.d3 e4
18.g3 exd3
19.cxd3 h5
20.h4 Bd6xg3
21.Nc3e4 fxe4
22.fxg3 Kg6
23.Bc1f4 Qc7b6
24.Bb5c4 exd3
25.Bc4xd3 { resign }
1-0

[Event "Tourn. n9263"]
[Site "www.chess-mail.com"]
[Date "2017.04.29"]
[Round "1"]
[White "Julian"]
[Black "Picifarkinca"]
[WhiteElo "2010"]
[BlackElo "1890"]
[Result "0-1"]
[Round "1"]
1.e4 d6
2.d4 Ng8f6
3.Nb1c3 g6
4.Ng1f3 Bf8g7
5.Bf1d3 e5
6.O-O Nb8d7
7.Bc1g5 O-O
8.Nc3d5 c6
9.Nd5xf6 Bg7xf6
10.Bg5xf6 Qd8xf6
11.dxe5 Nd7xe5
12.Nf3xe5 dxe5
13.f4 exf4
14.Qd1f3 Qf6d4
15.Kh1 Qd4xb2
16.Qf3xf4 Qb2d4
17.Ra1b1 b6
18.Rb1e1 Bc8e6
19.Qf4h6 Qd4e5
20.Re1e3 Qe5g7
21.Qh6xg7 Kxg7
 { time }
0-1

[Event "Tourn. n9320"]
[Site "www.chess-mail.com"]
[Date "2017.04.29"]
[Round "1"]
[White "Julian"]
[Black "Awfen"]
[WhiteElo "1970"]
[BlackElo "2040"]
[Result "0-1"]
[Round "1"]
1.e4 Nb8c6
2.Ng1f3 e5
3.c3 Ng8f6
4.d3 Bf8e7
5.g3 d5
6.exd5 Nf6xd5
7.Bf1g2 Bc8g4
8.O-O O-O
9.Qd1b3 Nc6a5
10.Qb3b5 c6
11.Qb5a4 b5
 { time }
0-1

[Event "Tourn. n9320"]
[Site "www.chess-mail.com"]
[Date "2017.04.29"]
[Round "1"]
[White "Andychesston"]
[Black "Julian"]
[WhiteElo "1990"]
[BlackElo "1970"]
[Result "1-0"]
[Round "1"]
1.e4 c5
2.Ng1f3 Nb8c6
3.d4 cxd4
4.Nf3xd4 d6
5.Nb1c3 Ng8f6
6.Bf1b5 Bc8d7
7.Nd4xc6 bxc6
8.Bb5e2 e5
9.Bc1g5  { time }
1-0

[Event "Tourn. n9276"]
[Site "www.chess-mail.com"]
[Date "2017.04.29"]
[Round "1"]
[White "Nulladies"]
[Black "Autmich"]
[WhiteElo "1780"]
[BlackElo "1700"]
[Result "0-1"]
[Round "1"]
1.d4 Ng8f6
2.Bc1f4 d5
3.Ng1f3 e6
4.h3 c5
5.e3 Nb8c6
6.c3 Bf8d6
7.Nf3e5 Qd8c7
8.Nb1d2 Nc6xe5
9.dxe5 Bd6xe5
10.Bf4xe5 Qc7xe5
11.Nd2f3 Qe5c7
12.Bf1b5 Bc8d7
13.Bb5xd7 Qc7xd7
14.Nf3e5 Qd7c7
15.f4 O-O
16.O-O Rf8d8
17.Rf1f2 Nf6e4
18.Rf2c2 f6
19.Ne5f3 Ra8c8
20.Qd1e2 Qc7b6
21.Nf3d2 Ne4xd2
22.Rc2xd2 d4
23.c4 e5
24.Ra1d1 exf4
25.exf4 Rd8e8
26.Qe2f3 Re8e3
27.Qf3d5 Kh8
28.Qd5d7 Rc8e8
29.Rd2d3 h6
30.b3 Re3e2
31.Rd1d2 Re8d8
32.Qd7g4 Re2xd2
33.Rd3xd2 Qb6a5
34.Qg4d1 Rd8e8
35.Rd2e2 Re8e3
36.Re2xe3 dxe3
37.Qd1e2 Qa5d2
38.Kf1 Qd2d4
39.g3 Qd4e4
40.Ke1 Qe4b1
41.Qe2d1 Qb1xa2
42.Qd1d3 Qa2f2
43.Kd1 Qf2xg3
44.Qd3d8 Kh7
45.Qd8d3 Kg8
46.Qd3d5 Kh7
47.Qd5e4 Qg3g6
48.Qe4xg6 Kxg6
49.Ke2 Kh5
50.Kxe3 Kh4
51.f5 Kxh3
52.Ke4 Kg4
53.Kd5 h5
{ resign }
0-1

[Event "Tourn. n9311"]
[Site "www.chess-mail.com"]
[Date "2017.04.29"]
[Round "1"]
[White "Bigrezi"]
[Black "Sorento"]
[WhiteElo "1930"]
[BlackElo "1929"]
[Result "0-1"]
[Round "1"]
1.e4 c5
2.Ng1f3 d6
3.d4 cxd4
4.Nf3xd4 Ng8f6
5.Nb1c3 g6
6.Bf1e2 Bf8g7
7.O-O O-O
8.Bc1e3 Nb8c6
9.Qd1d2 Bc8d7
10.Ra1d1 Ra8c8
11.Rf1e1 a6
12.Nd4b3 b5
13.a3 Nc6e5
14.Be3g5 Ne5c4
15.Be2xc4 Rc8xc4
16.e5 dxe5
17.Re1xe5 Qd8a8
18.Re5xe7 Bd7c6
19.f3 Bc6xf3
20.gxf3 Qa8xf3
21.Nb3d4 Qf3g4
22.Kh1 Rf8d8
23.Nc3e2 Nf6e4
24.Re7xe4 Qg4xe4
25.Kg1 Rd8xd4
26.Ne2xd4 Bg7xd4
27.Kf1 Qe4h1
28.Ke2 Qh1g2
29.Kd3 Qg2f3
30.Bg5e3 Bd4xe3
31.Qd2xe3 Qf3xd1
32.Qe3d2 Rc4d4
{ resign }
0-1

[Event "Tourn. n9264"]
[Site "www.chess-mail.com"]
[Date "2017.04.29"]
[Round "1"]
[White "Norlavuaram"]
[Black "Falcoale"]
[WhiteElo "2080"]
[BlackElo "2010"]
[Result "0-1"]
[Round "1"]
1.e4 c5
2.Ng1f3 e6
3.d4 cxd4
4.Nf3xd4 Nb8c6
5.Nd4b5 d5
6.exd5 exd5
7.Qd1xd5 Qd8e7
8.Bc1e3 Ng8f6
9.Qd5d2 Bc8e6
10.Nb1c3 Ra8d8
11.Qd2e2 a6
12.Nb5a3 Qe7c7
13.g3 b5
14.Na3b1 Bf8e7
15.Bf1g2 O-O
16.O-O Be6c4
17.Qe2e1 Rf8e8
18.Nb1d2 Bc4xf1
19.Qe1xf1 Nc6b4
20.Qf1c1 Nf6g4
21.Be3f4 Be7c5
22.Bf4xc7 Bc5xf2
{ resign }
0-1

[Event "Match"]
[Site "www.echecsemail.com"]
[Date "2017.04.29"]
[Round "1"]
[White "Chapi"]
[Black "Cjood"]
[WhiteElo "2120"]
[BlackElo "1940"]
[Result "0-1"]
[Round "1"]
1.d4 Ng8f6
2.c4 c6
3.Nb1c3 g6
4.Ng1f3 d5
5.Bc1g5 dxc4
6.a4 Nf6d5
7.a5 Bc8f5
8.Nf3h4 Nd5xc3
9.bxc3 f6
10.Bg5xf6 exf6
11.Nh4xf5 gxf5
12.e3 Qd8d5
13.Ra1a4 Bf8d6
14.Qd1h5 Kd8
15.f3 Qd5b5
16.Ra4a1 Qb5b2
17.Ra1d1 Qb2xc3
18.Rd1d2 Bd6b4
19.Kf2 Qc3xd2
20.Kg3 Rh8g8
21.Kf4 Bb4d6
{ resign }
0-1

[Event "Match"]
[Site "www.echecsemail.com"]
[Date "2017.04.29"]
[Round "1"]
[White "Gimmyg"]
[Black "Sociopatas"]
[WhiteElo "2500"]
[BlackElo "1809"]
[Result "1-0"]
[Round "1"]
1.b3 e5
2.Bc1b2 Nb8c6
3.Ng1f3 d6
4.e3 f5
5.d4 Ng8f6
6.dxe5 Nc6xe5
7.Nf3xe5 a5
8.Bf1b5 c6
9.Ne5xc6 bxc6
10.Bb5xc6 Bc8d7
11.Bc6xa8 Qd8xa8
12.O-O Nf6e4
13.Nb1a3 a4
14.f3 Ne4c5
15.b4 Nc5e6
16.Qd1d3 Bf8e7
17.Na3c4 O-O
18.Nc4xd6 a3
19.Nd6xf5 axb2
20.Qd3xd7 bxa1Q
21.Nf5xe7 Kf7
22.Ne7d5 Kg8
23.Qd7xe6 Kh8
24.Rf1xa1 Qa8e8
25.Qe6xe8 Rf8xe8
26.a4 h6
27.a5 h5
28.a6 g6
29.b5 h4
30.a7 g5
31.a8Q Re8xa8
32.Ra1xa8 Kh7
33.b6 Kh6
34.b7 Kh5
35.b8Q g4
36.Qb8h8 Kg5
37.Qh8g7 Kh5
38.Ra8h8 
1-0

[Event "Match"]
[Site "www.echecsemail.com"]
[Date "2017.04.29"]
[Round "1"]
[White "Cjood"]
[Black "Luke1302"]
[WhiteElo "1839"]
[BlackElo "1460"]
[Result "1-0"]
[Round "1"]
1.e4 e5
2.Ng1f3 b6
3.Bf1c4 Ng8h6
4.Nf3xe5 g6
5.Qd1f3 f6
6.Ne5d3 Nb8c6
7.c3 Nc6a5
8.Bc4b5 c6
9.Bb5a4 b5
10.Ba4c2 f5
11.e5 Qd8e7
12.b4 Nh6g4
13.bxa5 Ng4xe5
14.Nd3xe5 Qe7xe5
15.Kd1 Bc8b7
16.Rh1e1 Bf8g7
17.Qf3g3 Bg7f8
18.Qg3xe5 Bf8e7
19.Qe5xe7 
1-0

[Event "Match"]
[Site "www.echecsemail.com"]
[Date "2017.04.29"]
[Round "1"]
[White "Cjood"]
[Black "Mrmoto"]
[WhiteElo "1810"]
[BlackElo "1710"]
[Result "1-0"]
[Round "1"]
1.e4 e5
2.Ng1f3 Nb8c6
3.Bf1c4 Bf8c5
4.O-O f6
5.c3 Ng8e7
6.b4 Bc5b6
7.a4 a6
8.Qd1b3 Bb6a7
9.Bc4f7 Kf8
10.Bf7h5 g6
11.Bh5g4 d6
12.Bg4xc8 Qd8xc8
13.b5 Nc6a5
14.Qb3b4 Ba7b6
15.d4 c6
16.Qb4xd6 Kf7
17.dxe5 Qc8e6
18.Qd6xe6 Kxe6
19.exf6 Ne7c8
20.e5 cxb5
21.axb5 Na5b3
22.Ra1a4 Nb3c5
23.Ra4a2 Nc5d3
24.Bc1h6 Nd3xe5
25.Nf3xe5 Kxe5
26.Bh6g7 Rh8d8
27.f7 Kf5
28.f8Q Rd8xf8
29.Bg7xf8 Ke6
30.Ra2e2 Kd7
31.Rf1d1 { resign }
1-0

[Event "Match"]
[Site "www.echecsemail.com"]
[Date "2017.04.29"]
[Round "1"]
[White "Chessington"]
[Black "Hundegana"]
[WhiteElo "1499"]
[BlackElo "2070"]
[Result "1-0"]
[Round "1"]
1.Ng1f3 c5
2.g3 d5
3.Bf1g2 d4
4.c3 Nb8c6
5.cxd4 cxd4
6.Qd1a4 Qd8b6
7.Nf3xd4 Bc8d7
8.Nd4xc6 Bd7xc6
9.Bg2xc6 Qb6xc6
10.Qa4xc6 bxc6
11.b3 Ng8f6
12.Bc1b2 g6
13.d3 Bf8g7
14.Nb1d2 O-O
15.Ra1c1 Rf8c8
16.Bb2xf6 Bg7xf6
17.Rc1c4 Kg7
18.e3 c5
19.Ke2 Bf6e5
20.Rh1c1 Be5d6
21.d4 f5
22.dxc5 Bd6e5
23.b4 Kf7
24.b5 h5
25.a4 Ra8b8
26.Rc1b1 Ke6
27.f4 Be5c7
28.b6 axb6
29.cxb6 Bc7d6
30.a5 Kd5
31.Rb1b5 Rc8c5
32.Rc4xc5 Bd6xc5
33.Nd2b3 Kc4
34.Rb5xc5 Kxb3
35.Rc5c6 Kb4
36.a6 Kb5
37.a7 Rb8a8
38.b7 Ra8xa7
39.b8Q Kxc6
40.Qb8xa7 Kd6
41.Qa7b6 Kd7
42.Qb6xg6 e6
43.h4 Kd6
44.Qg6f7 e5
45.Qf7f6 Kd5
46.fxe5 f4
47.Kd3 fxg3
48.Qf6d6 
1-0

[Event "Match"]
[Site "www.echecsemail.com"]
[Date "2017.04.29"]
[Round "1"]
[White "Raulazo"]
[Black "Silent1"]
[WhiteElo "1830"]
[BlackElo "1960"]
[Result "0-1"]
[Round "1"]
1.c4 e5
2.e4 c6
3.Ng1f3 d6
4.g3 Bc8g4
5.h3 Bg4xf3
6.Qd1xf3 Ng8f6
7.d3 Bf8e7
8.Nb1c3 Nb8d7
9.Bc1e3 O-O
10.Bf1e2 h6
11.g4 Nf6h7
12.O-O-O Be7g5
13.h4 Bg5xe3
14.Qf3xe3 Qd8b6
15.Qe3xb6 Nd7xb6
16.d4 exd4
17.Rd1xd4 Rf8d8
18.Be2d3 c5
19.Rd4d5 Nh7f6
20.Rd5f5 Rd8d7
21.g5 hxg5
22.hxg5 Nf6h7
23.e5 dxe5
24.Bd3e4 Nb6xc4
25.Rh1xh7 g6
26.Rh7h6 gxf5
27.Be4xf5 Rd7d6
28.Rh6h4 Ra8d8
29.Bf5h7 Kg7
30.Bh7c2 Rd6d4
31.Nc3e2 Rd4xh4
32.Bc2b3 Rh4h1
{ resign }
0-1

[Event "Match"]
[Site "www.echecsemail.com"]
[Date "2017.04.29"]
[Round "1"]
[White "Paco"]
[Black "Azorau"]
[WhiteElo "1970"]
[BlackElo "1830"]
[Result "1/2-1/2"]
[Round "1"]
1.e4 e5
2.Ng1f3 Nb8c6
3.Bf1c4 h6
4.O-O b6
5.d4 a5
6.dxe5 Bc8a6
7.Bc4xa6 Ra8xa6
8.Qd1d3 Nc6b4
9.Qd3e2 Ra6a7
10.c3 Nb4c6
11.Bc1f4 a4
12.Nb1a3 Ra7a5
13.Na3b5 { draw }
1/2-1/2

[Event "Match"]
[Site "www.echecsemail.com"]
[Date "2017.04.29"]
[Round "1"]
[White "Pinehill"]
[Black "Raulazo"]
[WhiteElo "1950"]
[BlackElo "1830"]
[Result "1-0"]
[Round "1"]
1.e4 e5
2.d4 exd4
3.Bf1c4 Nb8c6
4.Ng1f3 h6
5.O-O Bf8c5
6.c3 Qd8f6
7.cxd4 Bc5xd4
8.Rf1e1 Bd4xb2
9.Bc1xb2 Qf6xb2
10.Nb1d2 Qb2f6
11.e5 Qf6g6
12.Nd2e4 b6
13.Bc4d3 Qg6e6
14.Ne4d6 Kf8
15.Bd3c4 Qe6e7
16.Nd6xf7 Rh8h7
17.Qd1d5 g5
18.Nf7xg5 Rh7g7
19.Ng5h7 Ke8
20.Nh7f6 Kd8
21.Nf6xg8 Qe7e8
22.Ra1d1 Qe8g6
23.Nf3h4 Qg6g5
24.Qd5xc6 Ra8b8
25.Ng8f6 Qg5xh4
26.Nf6xd7 Bc8xd7
27.e6 Ke8
28.exd7 Kf8
29.Qc6f3 { resign }
1-0

[Event "Eq:Slap Shot Mates-Equipo Juan Diaz : "]
[Site "www.chess-mail.com"]
[Date "2017.04.29"]
[Round "1"]
[White "Pdebonis"]
[Black "Ecijaajedrez"]
[WhiteElo "2560"]
[BlackElo "2420"]
[Result "1-0"]
[Round "1"]
1.e4 c5
2.Ng1f3 d6
3.d4 cxd4
4.Nf3xd4 Ng8f6
5.Nb1c3 e6
6.g4 h6
7.h4 Nb8c6
8.Rh1g1 d5
9.exd5 Nf6xd5
10.Nc3xd5  { time }
1-0

[Event "Tourn. n9240"]
[Site "www.chess-mail.com"]
[Date "2017.04.30"]
[Round "1"]
[White "Actmy"]
[Black "Tartan"]
[WhiteElo "2330"]
[BlackElo "2410"]
[Result "1-0"]
[Round "1"]
1.d4 Ng8f6
2.Ng1f3 d5
3.c4 c6
4.g3 e6
5.Bf1g2 Nb8d7
6.Nb1c3 dxc4
7.O-O b5
8.e4 Bc8b7
9.e5 Nf6d5
10.Nf3g5 h6
11.Ng5xe6 fxe6
12.Qd1h5 Ke7
13.Nc3e4 Qd8e8
14.Bc1g5 hxg5
15.Qh5xh8 Kd8
16.Ne4xg5 Kc7
17.Qh8g8 Kb6
18.Ng5xe6 Bf8a3
19.Qg8xe8 Ra8xe8
20.Ne6xg7 Re8g8
21.bxa3 Rg8xg7
22.Bg2xd5 cxd5
23.f4 a5
24.f5 Rg7g4
25.Rf1f4 Rg4xf4
26.gxf4 Bb7c8
27.f6 Nd7f8
28.Kf2 Kc6
29.Ra1g1 Bc8e6
30.Rg1g5 { resign }
1-0

[Event "Tourn. n9301"]
[Site "www.chess-mail.com"]
[Date "2017.04.30"]
[Round "1"]
[White "Orhany24"]
[Black "Picifarkinca"]
[WhiteElo "2180"]
[BlackElo "2010"]
[Result "0-1"]
[Round "1"]
1.e4 c6
2.d4 d5
3.exd5 cxd5
4.Ng1f3 Ng8f6
5.h3 Nb8c6
6.a3 e6
7.Bf1d3 Qd8c7
8.O-O Bf8e7
9.c4 dxc4
10.Bd3xc4 a6
11.Bc4b3 b5
12.Nb1c3 O-O
13.Bc1g5 Bc8b7
14.Ra1c1 Qc7d7
15.Bb3a2 h6
16.Bg5h4 Ra8d8
17.Ba2b1 Nc6xd4
18.Bh4xf6 Nd4xf3
19.gxf3 Be7xf6
20.Qd1c2 g6
21.Rc1d1 Qd7c6
22.Nc3e4 Bf6d4
23.Qc2xc6 Bb7xc6
24.Kg2 Bd4xb2
{ resign }
0-1

[Event "Tourn. n9316"]
[Site "www.chess-mail.com"]
[Date "2017.04.30"]
[Round "1"]
[White "Coolant"]
[Black "Chessington"]
[WhiteElo "2260"]
[BlackElo "2110"]
[Result "0-1"]
[Round "1"]
1.Nb1c3 d5
2.d4 e6
3.e4 Ng8f6
4.Bc1g5 Bf8b4
5.e5 h6
6.Bg5xf6 gxf6
7.Ng1f3 Nb8d7
8.exf6 Qd8xf6
9.Bf1d3 c5
10.O-O cxd4
11.Nc3b5 Kf8
12.Nf3xd4 a6
13.Nb5c7 Ra8b8
14.Qd1e2 Qf6xd4
15.c3 Qd4e5
16.Nc7xe6 fxe6
17.Qe2f3 Qe5f6
18.Qf3xf6 Nd7xf6
19.cxb4 Ke7
20.f4 Bc8d7
21.Ra1e1 Kd6
22.h3 Bd7b5
23.Bd3xb5 axb5
24.g4 Nf6e4
{ resign }
0-1

[Event "Tourn. n9329"]
[Site "www.chess-mail.com"]
[Date "2017.04.30"]
[Round "1"]
[White "Said1991"]
[Black "Nulladies"]
[WhiteElo "1809"]
[BlackElo "1920"]
[Result "1-0"]
[Round "1"]
1.e4 c5
2.Nb1c3 g6
3.d3 Nb8c6
4.f4 d6
5.Ng1f3 Bf8g7
6.Bc1e3 e5
7.Bf1e2 Nc6d4
8.Be2f1 Bc8g4
9.h3 Bg4d7
10.g4 Ng8e7
11.Bf1g2 O-O
12.Qd1d2 b5
13.f5 f6
14.h4 Nd4xf3
15.Bg2xf3 b4
16.Nc3e2 Bd7c6
17.Kf2 d5
18.fxg6 Ne7xg6
19.h5 Ng6f4
20.Ne2xf4 exf4
21.Be3xc5 Rf8e8
22.Qd2xf4 dxe4
23.Bf3xe4 Bc6xe4
24.dxe4 Ra8c8
25.Qf4e3 Bg7f8
26.Qe3b3 Kh8
27.Bc5xf8 Qd8d2
28.Kf3 Rc8xc2
29.Bf8g7 Kxg7
30.h6 Kh8
31.Kg3 Rc2xb2
32.Qb3f3 Qd2g2
33.Qf3xg2 Rb2xg2
34.Kxg2 Re8xe4
35.Kf3 Re4c4
36.Ra1c1 Rc4c3
37.Rc1xc3 bxc3
38.Rh1c1 { resign }
1-0

[Event "Tourn. n9306"]
[Site "www.chess-mail.com"]
[Date "2017.04.30"]
[Round "1"]
[White "Cal"]
[Black "Autmich"]
[WhiteElo "1730"]
[BlackElo "1690"]
[Result "0-1"]
[Round "1"]
1.c4 Ng8f6
2.Nb1c3 g6
3.e4 d6
4.h3 Bf8g7
5.d4 e6
6.Ng1f3 Nb8d7
7.Bf1d3 O-O
8.a3 Rf8e8
9.O-O c5
10.b3 cxd4
11.Nf3xd4 Nd7c5
12.b4 Nc5xd3
13.Qd1xd3 Qd8b6
14.Bc1e3 Qb6c7
15.f4 Bc8d7
16.Nd4e2 Ra8c8
17.Rf1f3 Qc7xc4
18.Qd3xd6 Re8d8
19.e5 Bd7c6
20.Qd6e7 Bg7f8
21.Qe7xf6 Bc6xf3
22.gxf3 Bf8g7
23.Qf6h4 Rd8d3
24.Ra1c1 Qc4b3
25.b5 Rd3xe3
26.Qh4f2 Re3xc3
27.Rc1xc3 Rc8xc3
28.Ne2d4 Qb3d1
29.Kg2 Rc3d3
30.Nd4c2 Rd3d2
31.Qf2xd2 Qd1xd2
{ resign }
0-1

[Event "Tourn. n9304"]
[Site "www.chess-mail.com"]
[Date "2017.04.30"]
[Round "1"]
[White "Sorento"]
[Black "Cal"]
[WhiteElo "1929"]
[BlackElo "1730"]
[Result "1-0"]
[Round "1"]
1.e4 e5
2.Ng1f3 d6
3.d4 exd4
4.Qd1xd4 Nb8c6
5.Bf1b5 h6
6.Bc1e3 Bc8d7
7.Qd4d2 a6
8.Bb5a4 b5
9.Ba4b3 Ng8f6
10.Nb1c3 Nc6a5
11.O-O-O Bf8e7
12.h4 c5
13.e5 Nf6g4
14.exd6 Be7f6
15.Be3xc5 O-O
16.Nc3d5 Na5xb3
17.axb3 Bd7c6
18.d7 Bc6xd7
19.Bc5xf8 Qd8xf8
20.Nd5b6 Ra8d8
21.Nb6xd7 Qf8e7
22.Nd7xf6 Ng4xf6
23.Qd2xd8 Qe7xd8
24.Rd1xd8 Kh7
25.Nf3e5 Nf6e4
26.f3 Ne4g3
27.Rh1e1 f6
28.Ne5d7 Ng3f5
29.h5 Nf5g3
30.Nd7f8 { resign }
1-0

[Event "Tourn. n9297"]
[Site "www.chess-mail.com"]
[Date "2017.04.30"]
[Round "1"]
[White "Cal"]
[Black "Griffo30"]
[WhiteElo "1610"]
[BlackElo "1539"]
[Result "0-1"]
[Round "1"]
1.c4 Ng8f6
2.Nb1c3 g6
3.h3 Bf8g7
4.e4 d6
5.d4 O-O
6.Ng1f3 Nb8d7
7.a3 e5
8.d5 Nd7c5
9.b4 Nc5xe4
10.Nc3e2 Nf6d7
11.Bc1e3 Nd7b6
12.g3 Nb6xc4
13.Bf1g2 Nc4xe3
14.fxe3 Bc8d7
15.O-O Ne4g5
16.Nf3h4 Ng5xh3
17.Bg2xh3 Bd7xh3
18.Rf1f2 Bg7h6
19.Qd1d3 Qd8g5
20.Kh2 Bh3g4
21.Ne2g1 Qg5xe3
22.Qd3xe3 Bh6xe3
23.Rf2c2 Ra8c8
24.Ra1e1 Be3h6
25.Rc2c4 Bg4d7
26.Ng1f3 f5
27.Nf3g1 Bd7b5
28.Rc4c3 Bh6d2
29.Re1c1 Bd2xc3
30.Rc1xc3 c6
31.Ng1f3 cxd5
32.Rc3e3 d4
33.Re3e1 Rc8c3
34.Nf3g5 Rf8c8
35.Nh4f3 Rc3xa3
36.Kh3 Bb5c6
37.Nf3d2 Bc6d5
38.Kh4 e4
39.Nd2f1 Ra3c3
40.Ng5h3 Rc3c1
41.Re1xc1 Rc8xc1
42.Nf1d2 e3
43.Nh3f4 exd2
44.Nf4xd5 d1Q
{ resign }
0-1

[Event "Match"]
[Site "www.echecsemail.com"]
[Date "2017.04.30"]
[Round "1"]
[White "Markos123"]
[Black "Menace"]
[WhiteElo "1850"]
[BlackElo "2280"]
[Result "0-1"]
[Round "1"]
1.d4 d5
2.Bc1f4 Ng8f6
3.e3 Bc8g4
4.Ng1f3 e6
5.a3 Bf8d6
6.h3 Bg4h5
7.Bf1e2 Nb8c6
8.b4 Nf6e4
9.O-O O-O
10.g3 Qd8d7
11.Be2b5 a6
12.Bb5d3 f5
13.Bd3xe4 fxe4
14.g4 Bd6xf4
15.exf4 exf3
16.gxh5 Rf8xf4
17.Kh1 Qd7d6
18.c3 Ra8f8
19.Nb1d2 Rf4h4
20.Nd2xf3 { time. }
0-1

[Event "Match"]
[Site "www.echecsemail.com"]
[Date "2017.04.30"]
[Round "1"]
[White "Manolinex"]
[Black "Jacks"]
[WhiteElo "2890"]
[BlackElo "2860"]
[Result "1/2-1/2"]
[Round "1"]
1.g3 d5
2.Bf1g2 c6
3.b3 e5
4.Bc1b2 Bf8d6
5.d3 Ng8f6
6.Ng1f3 Qd8e7
7.Nb1d2 O-O
8.O-O Nb8d7
9.e4 dxe4
10.Nf3h4 Nd7c5
11.dxe4 Bd6c7
12.a4 g6
13.Qd1e2 a5
14.Bb2a3 b6
15.Rf1d1 Bc8a6
16.Qe2e3 Bc7d6
17.h3 Rf8d8
18.Bg2f1 Ba6xf1
19.Kxf1 Nf6xe4
20.Nd2c4 Qe7c7
21.Nh4f3 f6
22.Nf3d2 Ne4xd2
23.Rd1xd2 Bd6f8
24.Ra1d1 Rd8xd2
25.Qe3xd2 Nc5e4
26.Qd2d3 Bf8xa3
27.Nc4xa3 Ne4c5
28.Qd3d6 Ra8c8
29.Na3c4 Qc7xd6
30.Rd1xd6 Nc5e4
31.Rd6d7 b5
32.Nc4xa5 bxa4
33.bxa4 Rc8a8
34.Na5xc6 Ra8xa4
35.Rd7d8 Kg7
36.Rd8b8 Ra4a2
37.Nc6b4 Ra2b2
38.Ke2 Kh6
39.h4 Kh5
40.Rb8b7 Kh6
41.Rb7b6 f5
42.Kd1 Rb2b1
43.Ke2 Rb1b2
44.Ke3 Rb2b1
45.Kf3 Ne4d2
46.Ke2 Nd2c4
47.Rb6b8 e4
48.Nb4c6 Rb1xb8
49.Nc6xb8 Nc4e5
{ draw }
1/2-1/2

[Event "1/64 Finale"]
[Site "www.chess-mail.com"]
[Date "2017.04.30"]
[Round "1"]
[White "Osopanda"]
[Black "Numanoid"]
[WhiteElo "2020"]
[BlackElo "2400"]
[Result "0-1"]
[Round "1"]
1.e4 e5
2.Ng1f3 Nb8c6
3.d4 exd4
4.c3 d5
5.exd5 Qd8xd5
6.cxd4 Bc8g4
7.Nb1c3 Bf8b4
8.Bc1e3 O-O-O
9.h3 Bg4xf3
10.Qd1xf3 Qd5xf3
11.gxf3 Ng8e7
12.O-O-O Ne7f5
13.Bf1d3 Nc6xd4
14.Bd3xf5 Nd4xf5
15.Rd1xd8 Rh8xd8
16.Be3f4 Bb4xc3
17.bxc3 Rd8d3
18.Kc2 Rd3xf3
19.Bf4e3 Nf5xe3
20.fxe3 Rf3xe3
21.Kd2 Re3g3
22.Kc2 Kd7
23.Kb3 Kc6
24.h4 f5
25.h5 f4
26.Rh1h4 f3
27.Rh4f4 Rg3h3
28.Rf4f5 f2
29.Rf5xf2 Rh3xh5
30.Rf2f7 Rh5g5
31.a4 h5
32.Kb4 h4
33.c4 Rg5h5
34.Rf7xg7 h3
35.Rg7g6 Kd7
36.Rg6g1 h2
37.Rg1h1 Kc6
38.Kc3 Kc5
39.Kd3 Rh5h3
40.Ke2 Kxc4
41.Kf2 Kb4
42.Kg2 Rh3h7
43.Rh1b1 Kxa4
44.Kh1 c5
{ resign }
0-1

[Event "1/32 Finale"]
[Site "www.chess-mail.com"]
[Date "2017.04.30"]
[Round "1"]
[White "Bojan"]
[Black "Vgrynyuk"]
[WhiteElo "1970"]
[BlackElo "2570"]
[Result "0-1"]
[Round "1"]
1.e4 e5
2.Ng1f3 Nb8c6
3.d4 exd4
4.Nf3xd4 Bf8c5
5.Nd4xc6 Qd8f6
6.Qd1e2 dxc6
7.c3 Ng8h6
8.h3 Bc8e6
9.Bc1e3 Qf6e7
10.Nb1d2 O-O-O
11.Nd2b3 Bc5xe3
12.Qe2xe3 Rh8e8
13.Bf1d3 Nh6f5
14.Qe3e2 Qe7g5
15.g3 Nf5xg3
16.fxg3 Be6xb3
17.axb3 Qg5xg3
18.Kd2 Rd8xd3
19.Qe2xd3 Re8d8
20.Qd3xd8 Kxd8
21.Ra1e1 a5
22.Kc2 Ke7
23.Kb1 Qg3e5
24.h4 g6
25.Kc2 b6
26.Rh1h3 f5
27.Rh3e3 f4
28.Re3f3 h6
29.Kc1 g5
30.hxg5 hxg5
31.Rf3h3 g4
32.Rh3h7 Ke8
33.Re1h1 Qe5xe4
34.Rh7h8 Kf7
35.Rh1h7 Kg6
36.Rh7xc7 f3
37.Rh8g8 Kh5
38.Rg8h8 Kg5
39.Rc7f7 Qe4e1
40.Kc2 Qe1e2
41.Kc1 f2
{ resign }
0-1

[Event "Eq:Slap Shot Mates-Equipo Juan Diaz : "]
[Site "www.chess-mail.com"]
[Date "2017.04.30"]
[Round "1"]
[White "Jpmartinez"]
[Black "Ecijaajedrez"]
[WhiteElo "2580"]
[BlackElo "2460"]
[Result "1-0"]
[Round "1"]
1.d4 Ng8f6
2.c4 c5
3.d5 e5
4.Nb1c3 d6
5.e4 Nb8d7
6.g3 Bf8e7
7.Bf1g2 O-O
8.Ng1e2 Nf6e8
9.O-O g6
10.Bc1h6 Ne8g7
11.Qd1d2 Nd7f6
12.f3 Kh8
13.a3 a6
14.b4 b6
15.Ra1b1 Nf6g8
16.Bh6e3 Ng8f6
17.Ne2c1 Qd8c7
18.Nc1d3 Nf6d7
19.a4 Bc8b7
20.bxc5 bxc5
21.a5 Ra8b8
22.Nc3a4 Bb7c8
23.Rb1xb8 Qc7xb8
24.Qd2c2 Qb8c7
25.Be3d2 f5
26.Rf1b1 Bc8b7
27.Na4b6 Nd7f6
28.Qc2b2 fxe4
29.fxe4 Be7d8
30.Nb6d7 Qc7xd7
31.Qb2xb7 Qd7a4
32.Qb7b3 Qa4d7
33.Nd3f2 Nf6g8
34.Bg2h3 Qd7f7
35.Nf2g4 Qf7e8
36.Qb3b8 h5
37.Ng4e3 Qe8e7
38.Qb8b7 Ng8f6
39.Qb7xe7 Bd8xe7
40.Bh3g2 Rf8a8
41.Rb1b7 Be7d8
42.Kf2  { time }
1-0

[Event "Tourn. n9241"]
[Site "www.chess-mail.com"]
[Date "2017.05.01"]
[Round "1"]
[White "Picifarkinca"]
[Black "Falcoale"]
[WhiteElo "1840"]
[BlackElo "1960"]
[Result "0-1"]
[Round "1"]
1.e4 c5
2.Ng1f3 e6
3.Nb1c3 Nb8c6
4.d4 cxd4
5.Nf3xd4 a6
6.Bf1e2 Ng8f6
7.Bc1g5 h6
8.Bg5h4 Bf8e7
9.O-O O-O
10.f4 Qd8c7
11.e5 Nf6e8
12.Bh4f2 f6
13.Nd4xc6 bxc6
14.Bf2g3 fxe5
15.fxe5 Qc7b6
16.Kh1 Ne8c7
17.Ra1b1 Nc7d5
18.Nc3xd5 cxd5
19.Rf1xf8 Be7xf8
20.Qd1d3 a5
21.Qd3g6 Bc8a6
22.Be2h5 Qb6e3
23.Qg6f7 Kh8
24.Qf7xd7 Ra8c8
25.Qd7xe6 Rc8xc2
26.Qe6f5 Rc2c1
27.Bh5d1 Rc1xb1
28.Qf5xb1 Bf8c5
29.Bd1f3 Ba6d3
30.Qb1e1 d4
{ resign }
0-1

[Event "Tourn. n9307"]
[Site "www.chess-mail.com"]
[Date "2017.05.01"]
[Round "1"]
[White "Fabos12"]
[Black "Sorento"]
[WhiteElo "1880"]
[BlackElo "1869"]
[Result "0-1"]
[Round "1"]
1.d4 Ng8f6
2.c4 g6
3.Ng1f3 d5
4.cxd5 Nf6xd5
5.Nb1c3 Bf8g7
6.e4 Nd5xc3
7.bxc3 c5
8.Bc1e3 Qd8a5
9.Qd1d2 O-O
10.Ra1c1 cxd4
11.cxd4 Qa5xd2
12.Kxd2 Rf8d8
13.Bf1d3 Bc8g4
14.Nf3g5 Bg7xd4
15.Be3xd4 Rd8xd4
16.f3 Bg4d7
17.Ke3 Nb8c6
18.Rh1d1 h6
19.Ng5xf7 Kxf7
20.Bd3c4 Rd4xc4
21.Rc1xc4 Bd7e6
22.Rc4c2 a5
23.g4 Nc6b4
24.Rc2c7 Nb4xa2
25.Rc7xb7 a4
26.h3 a3
27.f4 Na2c3
28.Rd1a1 Ra8a4
29.f5 gxf5
30.exf5 Be6c4
31.Rb7c7 Nc3d5
{ resign }
0-1